000 00582nam a22002177a 4500
003 UA-OsUOA
001 84452
007 ta
008 20120601b un ||||| |||| 00| 0 ukr d
100 _aСавлук С.
090 _a330(477)
_bС13
942 _cSA
040 _aUA-OsUOA
_bukr
_cUA-OsUOA
_dUA-OsUOA
245 _aВласний капітал як запобіжник втрати ліквідності банку
300 _aС.55-63
955 _a0
041 _aukr
080 _a330(477)
773 0 _w84448
650 7 _a330 Економіка взагалі
_2UDC
999 _c370768
_d370768